[Event "36th Zalakaros Open 2017"]
[Site "Zalakaros HUN"]
[Date "2017.05.24"]
[Round "7.38"]
[White "Pacan-Milej,Kosma"]
[Black "Hnydiuk,A"]
[Result "0-1"]
[WhiteElo "2317"]
[BlackElo "2390"]

1.d4 Nf6 2.c4 c5 3.d5 b5 4.cxb5 a6 5.bxa6 g6 6.Nc3 Bg7 7.e4 O-O 8.Nf3 Qa5
9.Bd2 Bxa6 10.Be2 d6 11.O-O Bxe2 12.Qxe2 Qa6 13.Rfe1 Nbd7 14.Nb5 Nxe4 15.Qxe4
Qxb5 16.Qxe7 Ne5 17.Nxe5 Bxe5 18.Bc3 Rfe8 19.Qg5 Bxc3 20.bxc3 Rxa2 21.h4 Rxa1
22.Rxa1 Qb2 23.Qc1 Qxc1+ 24.Rxc1 Re5 25.Rd1 Kg7 26.Kf1 Kf6 27.Rd3 Re4 28.g3
Ke5 29.f4+ Kf5 30.Kf2 h5 31.Kf3 Re1 32.Rd2 Rc1 33.Rd3 c4 34.Re3 Rc2 35.Re7
Rxc3+ 36.Kf2 Rd3 37.Rc7 c3 {#R} 0-1

[Event "Bodensee Open 2017"]
[Site "Bregenz AUT"]
[Date "2017.05.25"]
[Round "6.7"]
[White "Kelecevic,N"]
[Black "Medunova,V"]
[Result "1-0"]
[WhiteElo "2217"]
[BlackElo "2101"]

1.d4 Nf6 2.c4 c5 3.d5 b5 4.cxb5 a6 5.bxa6 e6 6.Nc3 Nxd5 7.Nxd5 exd5 8.Qxd5 Nc6
9.e3 Be7 10.Bd2 O-O 11.Nf3 Bxa6 12.Bxa6 Rxa6 13.O-O d6 14.Bc3 Bf6 15.Qc4 Rb6
16.Rfd1 Bxc3 17.Qxc3 Qe7 18.Rd2 h6 19.Rad1 Nb4 20.a3 Na6 21.h3 Rfb8 22.Qd3 Nc7
23.b4 cxb4 24.axb4 d5 25.Nd4 Qxb4 26.Rc2 Qd6 27.Rdc1 Ne8 28.Nf5 Qe6 29.Qxd5
Nf6 30.Qxe6 Rxe6 31.Rc8+ Re8 32.Rxb8 Rxb8 33.Rc8+ Rxc8 34.Ne7+ Kf8 35.Nxc8 g6
36.f3 Ke8 37.Nb6 Ke7 38.e4 Ke6 39.Kf2 Ne8 40.f4 h5 41.g3 Kd6 42.Ke3 Kc5
43.Nd7+ Kd6 44.Ne5 Ke6 45.Kd4 Nd6 46.Nf3 Nb5+ 47.Ke3 Nc3 48.Nd4+ Kd6 49.Ne2
Nd1+ 50.Kf3 Nb2 51.g4 hxg4+ 52.hxg4 Nc4 53.Nc3 Ke6 54.g5 Kd6 55.Ke2 Na5 56.Kd3
Nc6 57.Nd5 Nd8 58.Kd4 Ne6+ 59.Ke3 Nc5 60.Nb4 Nb3 61.Nd3 Ke6 62.Ne5 Nc5 63.Nf3
Nd7 64.Kd4 Nb6 65.Ne5 Nc8 66.Nc4 Ne7 67.Kc5 Kd7 68.Ne5+ Ke6 69.Nc6 Nc8 70.Nd4+
Ke7 71.Nc6+ Ke6 72.Nd8+ Ke7 73.Nb7 Ke6 74.Kc6 Ke7 75.f5 gxf5 76.exf5 f6 77.g6
Kf8 78.Kd7 Nb6+ 79.Ke6 Kg7 80.Nd6 Na4 81.Ne4 Nb2 82.Nxf6 Nd3 83.Nh5+ {#r} 1-0

[Event "ch-Flemish 2017"]
[Site "Ghent BEL"]
[Date "2017.05.25"]
[Round "1.1"]
[White "Van Cappellen,J"]
[Black "Piceu,T"]
[Result "0-1"]
[WhiteElo "2155"]
[BlackElo "2363"]

1.d4 Nf6 2.c4 c5 3.d5 b5 4.cxb5 a6 5.bxa6 g6 6.Nc3 Bxa6 7.Nf3 Bg7 8.g3 d6
9.Bg2 Nbd7 10.Rb1 O-O 11.O-O Qa5 12.Bd2 Bb7 13.Qc2 Qa7 14.e4 Ng4 15.Rfd1 Ba6
16.h3 Nge5 17.Nxe5 Nxe5 18.Be3 Nc4 19.Bc1 Bc8 20.Qe2 Na3 21.bxa3 Bxc3 22.h4
Bd7 23.h5 Rfb8 24.Bf4 f6 25.hxg6 hxg6 26.Qd3 Bd4 27.e5 Bf5 28.Be4 dxe5 29.Bxf5
gxf5 30.Qxf5 exf4 31.Qg6+ Kf8 32.Qh6+ Ke8 33.Qg6+ Kd7 34.Qg4+ Kc7 35.Qe6 Qa4
36.Rbc1 Rb6 37.Rxd4 Rxe6 38.Rxa4 Rxa4 39.dxe6 Kd6 40.gxf4 Rxf4 41.Kf1 Re4
42.Re1 Rxe1+ 43.Kxe1 Kxe6 44.Kd2 Kd5 45.a4 e5 46.a5 f5 47.a4 Kc6 48.Kd3 e4+
49.Ke3 Kb7 50.Kf4 c4 51.Ke3 c3 52.Ke2 f4 53.Kd1 e3 54.fxe3 fxe3 {#R} 0-1

[Event "36th Zalakaros Open 2017"]
[Site "Zalakaros HUN"]
[Date "2017.05.25"]
[Round "8.16"]
[White "Aleksandrov,A"]
[Black "Nagy,Ga1"]
[Result "1-0"]
[WhiteElo "2559"]
[BlackElo "2446"]

1.d4 Nf6 2.c4 c5 3.d5 e6 4.Nc3 exd5 5.cxd5 d6 6.Nf3 g6 7.Bg5 Bg7 8.Nd2 h6
9.Bh4 a6 10.a4 g5 11.Bg3 Nh5 12.Nc4 Nxg3 13.hxg3 O-O 14.e3 b6 15.Bd3 f5 16.Qh5
Nd7 17.f4 Rb8 18.fxg5 Qxg5 19.Qxg5 hxg5 20.Nxd6 Ne5 21.Be2 Bd7 22.Bxa6 Ng4
23.Kd2 f4 24.gxf4 gxf4 25.e4 Ne3 26.Be2 Bd4 27.Rh6 Rf6 28.Rxf6 Bxf6 29.g3 Bg5
30.gxf4 Bxf4 31.Kd3 Kg7 32.Nc4 Nxc4 33.Kxc4 Kf6 34.Rh1 Bxa4 35.Nxa4 b5+
36.Kxc5 Be3+ 37.Kd6 Bf4+ 38.Kc6 bxa4 39.Rf1 Ke5 40.Bb5 Rc8+ 41.Kb7 Rc2 42.d6
Kxd6 43.Rxf4 Rxb2 44.Kb6 Ke5 45.Rf3 Kxe4 46.Ra3 Rd2 47.Kc5 Ke5 48.Bd3 Rd1
49.Bc4 Rd8 50.Re3+ Kf4 51.Rh3 Rd2 52.Ra3 Ke4 53.Rxa4 Ke3 54.Bd5 Kf2 55.Kd6 Re2
56.Be4 Rd2+ 57.Ke5 Re2 58.Kf4 Rd2 59.Ra1 Re2 60.Rh1 Rd2 61.Rc1 Re2 62.Bd3 Rd2
63.Ke4 Ra2 64.Rf1+ Kg3 65.Ke3 Ra3 66.Rg1+ Kh4 67.Ke4 Ra4+ 68.Kf5 Ra2 69.Kf4
Rf2+ 70.Ke3 Rf8 71.Bg6 Rf6 72.Ke4 Rf2 73.Bf5 Kh5 74.Ke5 Kh4 75.Rg4+ Kh3 76.Ke4
Rg2 77.Rg8+ Kh2 78.Bg4 Kg1 79.Ke3 Rg3+ 80.Kf4 Kf2 81.Rd8 Ra3 82.Rd2+ Ke1
83.Re2+ Kf1 84.Bf3 Ra7 85.Rc2 Re7 86.Ra2 Ke1 87.Be4 Kd1 88.Ke3 Kc1 89.Rc2+ Kd1
90.Rc8 Re5 91.Rd8+ Kc1 92.Rb8 Rb5 93.Rxb5 Kd1 94.Rb1# 1-0

[Event "26th Chicago Open 2017"]
[Site "Chicago USA"]
[Date "2017.05.27"]
[Round "5.30"]
[White "Wang,Jason"]
[Black "Aaron,D"]
[Result "0-1"]
[WhiteElo "2016"]
[BlackElo "2320"]
[EventType "swiss"]

1.d4 Nf6 2.c4 e6 3.Nf3 c5 4.d5 exd5 5.cxd5 d6 6.Nc3 g6 7.Bf4 a6 8.a4 Bg7 9.h3
O-O 10.e3 Qe7 11.Nd2 Nh5 12.Bh2 f5 13.Be2 f4 14.e4 Nf6 15.Qc2 Nfd7 16.Bg4 g5
17.Nc4 Ne5 18.Bxc8 Nxc4 19.Be6+ Kh8 20.Nd1 Ne5 21.f3 Nbc6 22.Bg1 Nb4 23.Qe2 b5
24.Nc3 Qf6 25.O-O-O bxa4 26.Nxa4 Rfb8 27.Bf2 Na2+ 28.Kb1 Rb4 29.Qc2 Nc4
30.Kxa2 Rxa4+ 31.Kb1 Na3+ 32.bxa3 Qa1# 0-1

[Event "26th Chicago Open 2017"]
[Site "Chicago USA"]
[Date "2017.05.26"]
[Round "2.12"]
[White "Colas,Joshua"]
[Black "Hernandez Carmenates,Hold"]
[Result "0-1"]
[WhiteElo "2352"]
[BlackElo "2510"]
[EventType "swiss"]

1.d4 Nf6 2.c4 e6 3.g3 c5 4.d5 exd5 5.cxd5 d6 6.Nc3 g6 7.Bg2 Bg7 8.Nf3 O-O
9.O-O Re8 10.Re1 a6 11.a4 Ne4 12.Nxe4 Rxe4 13.Nd2 Rb4 14.Qc2 Nd7 15.Ra2 a5
16.b3 b5 17.axb5 Rxb5 18.e4 Rb4 19.Ba3 Rbb8 20.Bf1 Ba6 21.Bxa6 Rxa6 22.f4 a4
23.bxa4 Qa5 24.Bb2 Bxb2 25.Rxb2 Rxb2 26.Qxb2 Rb6 27.Qc2 Rb4 28.Re2 Rxa4 29.e5
dxe5 30.Nc4 Qb4 31.Nxe5 Qd4+ 32.Kg2 Qxd5+ 33.Nf3 Ra3 34.Qe4 Nf6 35.Qxd5 Nxd5
36.Ne5 f6 37.Nc4 Ra4 38.Nd6 Rd4 39.Nb5 Rd3 40.Re8+ Kg7 41.Rc8 c4 42.Nc7 Ne7
43.Ra8 c3 44.Ra1 Nf5 45.Ne6+ Kh6 46.Nc5 Rd2+ 47.Kf3 c2 48.Rc1 Rd1 49.Nb3 Rd3+
{#R} 0-1

[Event "TCh-FRA Top 12 2017"]
[Site "Chartres FRA"]
[Date "2017.05.24"]
[Round "7.5"]
[White "Decosse,J"]
[Black "Abergel,T"]
[Result "1-0"]
[WhiteElo "2216"]
[BlackElo "2457"]

1.d4 Nf6 2.c4 c5 3.d5 e6 4.Nc3 exd5 5.cxd5 d6 6.e4 g6 7.f3 Bg7 8.Bg5 O-O 9.Qd2
Re8 10.Nge2 a6 11.a4 Nbd7 12.Ng3 Qa5 13.Be2 b5 14.Nd1 Qxd2+ 15.Kxd2 Rb8
16.axb5 axb5 17.Ra5 c4 18.b4 cxb3 19.Rxb5 Ba6 20.Rxb8 Nxb8 21.Nc3 Rc8 22.Rb1
Nh5 23.Rxb3 Nxg3 24.Bxa6 Nxa6 25.hxg3 Nc5 26.Ra3 Rb8 27.Kc2 Bd4 28.Bf4 Rb6
29.Ra8+ Kg7 30.Rd8 Rb3 31.Bd2 Rb6 32.Rc8 Rb4 33.g4 h6 34.Rc6 Nb7 35.Nd1 Ra4
36.Nb2 Ra8 37.Bc3 Bxc3 38.Kxc3 Ra3+ 39.Kc2 Ra2 40.Kb1 Ra5 41.Rb6 Nc5 42.Nc4
Ra4 43.Nxd6 Nd3 44.Rb7 Rb4+ 45.Kc2 Ne1+ 46.Kd2 {#r} 1-0

[Event "TCh-FRA Top 12 2017"]
[Site "Chartres FRA"]
[Date "2017.05.27"]
[Round "10.5"]
[White "Van Wely,L"]
[Black "Youssoupov,M"]
[Result "1-0"]
[WhiteElo "2663"]
[BlackElo "2233"]

1.d4 Nf6 2.c4 c5 3.d5 e6 4.Nc3 exd5 5.cxd5 d6 6.e4 g6 7.h3 Bg7 8.Nf3 a6 9.a4
Nbd7 10.Bd3 Nh5 11.g4 Nhf6 12.Kf1 Qe7 13.Kg2 h6 14.Re1 g5 15.e5 dxe5 16.Bc4
Qd6 17.Nd2 O-O 18.Nde4 Nxe4 19.Nxe4 Qb8 20.Be3 b6 21.Qf3 f5 22.gxf5 Nf6 23.Bd3
Ra7 24.a5 Raf7 25.axb6 Nxe4 26.Bxe4 Qxb6 27.Rac1 Qxb2 28.Bxc5 Rxf5 29.Bxf5
Rxf5 30.Qd3 g4 31.hxg4 Rf4 32.Rb1 Rxg4+ 33.Kf1 e4 34.Rxb2 {#r} 1-0

[Event "36th Zalakaros Open 2017"]
[Site "Zalakaros HUN"]
[Date "2017.05.23"]
[Round "6.51"]
[White "Pultorak,Jan"]
[Black "Szalanczy,E"]
[Result "1-0"]
[WhiteElo "2303"]
[BlackElo "2230"]

1.d4 c5 2.d5 e6 3.c4 exd5 4.cxd5 d6 5.Nc3 Nf6 6.e4 g6 7.f4 Bg7 8.Bb5+ Nfd7
9.Bd3 O-O 10.Nf3 Nf6 11.O-O Bg4 12.h3 Bxf3 13.Qxf3 Nbd7 14.Kh1 a6 15.a4 Qc7
16.Be3 c4 17.Bc2 Nc5 18.Bd4 Nfd7 19.Qf2 f6 20.Qe2 Nb3 21.Bxb3 cxb3 22.Ra3 Nc5
23.Bxc5 Qxc5 24.Rxb3 b6 25.f5 Bh6 26.Nd1 Ra7 27.Rg3 Rg7 28.Qxa6 Qd4 29.Nc3
gxf5 30.Rxg7+ Kxg7 31.Rxf5 Kh8 32.Qe2 Rg8 33.Rf3 Qe5 34.Qf2 Qg5 35.g3 Qc1+
36.Kh2 Bd2 37.Rd3 Bh6 38.Rd1 Qg5 39.Rf1 Bg7 40.Qf4 h5 41.Nb5 Rd8 42.h4 Qxf4
43.Rxf4 f5 44.Rxf5 Bxb2 45.Rxh5+ Kg7 46.Rg5+ Kh7 47.Rf5 Be5 48.Rf7+ Kh6 49.Kh3
Ra8 50.Nxd6 Rxa4 51.Re7 Bc3 52.Nf5+ Kg6 53.Re6+ Kh7 54.d6 Ra1 55.d7 {#r} 1-0

[Event "10th KIIT Elite Open 2017"]
[Site "Bhubaneswar IND"]
[Date "2017.05.28"]
[Round "4.14"]
[White "Iniyan,P"]
[Black "Baivab,M"]
[Result "1-0"]
[WhiteElo "2392"]
[BlackElo "2068"]

1.d4 Nf6 2.c4 c5 3.d5 g6 4.Nc3 Bg7 5.e4 d6 6.Bd3 O-O 7.Nge2 e6 8.O-O exd5
9.cxd5 a6 10.a4 Re8 11.Bg5 Nbd7 12.h3 Qc7 13.Ng3 h6 14.Be3 h5 15.Qd2 c4 16.Bc2
Nc5 17.Bg5 Rb8 18.e5 dxe5 19.d6 Qd8 20.f4 Ne6 21.Bxf6 Bxf6 22.f5 Bg5 23.Qd5
Nf4 24.Qxc4 Qxd6 25.Nge4 Qd4+ 26.Qxd4 exd4 27.Nxg5 dxc3 28.Rxf4 Re2 29.fxg6 f6
30.Bb3+ {#r} 1-0

[Event "Deltalift Open 2017"]
[Site "Tylosand SWE"]
[Date "2017.05.26"]
[Round "5.8"]
[White "Sjodahl,P"]
[Black "Berggren Torell,Harald"]
[Result "1-0"]
[WhiteElo "2413"]
[BlackElo "2121"]

1.d4 Nf6 2.c4 c5 3.d5 e6 4.Nc3 exd5 5.cxd5 d6 6.e4 g6 7.h3 Bg7 8.Nf3 O-O 9.Bd3
b5 10.Bxb5 Nxe4 11.Nxe4 Qa5+ 12.Nfd2 Qxb5 13.Nxd6 Qa6 14.N2c4 Nd7 15.O-O Ne5
16.Nxe5 Bxe5 17.Ne4 Qb5 18.Re1 f6 19.a4 Qc4 20.Bh6 Rd8 21.d6 Qf7 22.Ng5 Qb7
23.Rxe5 fxe5 24.Qd3 Re8 25.Rd1 Qd7 26.Qd5+ {#r} 1-0

[Event "Deltalift Open 2017"]
[Site "Tylosand SWE"]
[Date "2017.05.27"]
[Round "7.12"]
[White "Pantzar,Milton"]
[Black "Berggren Torell,Harald"]
[Result "1-0"]
[WhiteElo "2321"]
[BlackElo "2121"]

1.d4 Nf6 2.c4 c5 3.d5 e6 4.Nc3 exd5 5.cxd5 d6 6.e4 g6 7.Nge2 Nbd7 8.Ng3 h5
9.Be2 Nb6 10.O-O h4 11.Nh1 Nh5 12.f4 Bg7 13.Be3 Bd7 14.a4 a6 15.a5 Nc8 16.Nf2
Na7 17.Nd3 Ng3 18.Re1 Nxe2+ 19.Qxe2 h3 20.e5 Nb5 21.Nf2 hxg2 22.e6 fxe6
23.dxe6 Bc6 24.Qg4 Qf6 25.Nfe4 Bxe4 26.Nxe4 Qf5 27.Qxg2 O-O-O 28.Ng5 Rde8
29.Rad1 Rh4 30.h3 Nd4 31.b4 Bf6 32.bxc5 dxc5 33.Rc1 Kb8 34.Ne4 Rxh3 35.Nd6
Nf3+ 36.Qxf3 Rxf3 37.Nxf5 gxf5 38.Kg2 Rxe3 39.Rxe3 Bd4 40.Re2 Re7 41.Rh1 Kc7
42.Kg3 Kd6 43.Rh6 c4 44.Kh4 c3 45.Kg5 Kd5 46.Kxf5 b5 47.axb6 Bxb6 48.Rh8 Kc4
49.Kf6 Rc7 50.e7 Bd4+ 51.Kf5 Rxe7 52.Rc8+ {#r} 1-0

[Event "TCh-FRA Top 12 2017"]
[Site "Chartres FRA"]
[Date "2017.05.27"]
[Round "10.1"]
[White "Istratescu,A"]
[Black "Stephan,V"]
[Result "1-0"]
[WhiteElo "2596"]
[BlackElo "2365"]

1.d4 Nf6 2.c4 c5 3.d5 e6 4.Nc3 exd5 5.cxd5 d6 6.e4 g6 7.Nf3 Bg7 8.Nd2 Nbd7
9.Be2 O-O 10.O-O Re8 11.Qc2 a6 12.a4 Rb8 13.Re1 Ne5 14.Ra3 g5 15.a5 h6 16.Nd1
Ng6 17.Ne3 Nf4 18.Bf1 Ng4 19.Ndc4 Nxe3 20.Bxe3 Qe7 21.Bxf4 gxf4 22.Qc1 Be5
23.g3 fxg3 24.Nxe5 gxf2+ 25.Kxf2 Qxe5 26.Qxh6 Bg4 27.Rg3 f5 28.h3 Qxb2+ 29.Re2
Qd4+ 30.Kg2 Rxe4 31.hxg4 Rxg4 32.Rxg4+ fxg4 33.Re7 Qxd5+ 34.Kg1 Qd4+ 35.Kh1
Qd5+ 36.Bg2 {#r} 1-0

[Event "Guillermo Garcia Premier 1"]
[Site "Santa Clara CUB"]
[Date "2017.05.24"]
[Round "8.1"]
[White "Sandoval Mercado,Carlos"]
[Black "Gomez Sanchez,Jorge Marcos"]
[Result "0-1"]
[WhiteElo "2118"]
[BlackElo "2430"]

1.d4 c5 2.d5 Nf6 3.c4 e6 4.Nc3 exd5 5.cxd5 d6 6.e4 g6 7.Bd3 Bg7 8.h3 O-O 9.Nf3
b5 10.Nxb5 Re8 11.O-O Nxe4 12.Re1 a6 13.Na3 Nf6 14.Rxe8+ Nxe8 15.Nc4 Nd7
16.Bd2 Bb7 17.Ba5 Qe7 18.Qa4 Bxd5 19.Re1 Be6 20.Qc6 Rb8 21.b3 d5 22.Ncd2 Bf8
23.Bxa6 Ndf6 24.Bd3 Qa7 25.Bc3 Bd7 26.Qa6 Qxa6 27.Bxa6 Ra8 28.Bd3 Rxa2 29.Ra1
Rxa1+ 30.Bxa1 Bh6 31.Kf1 Nh5 32.Ke1 Nf4 33.Bf1 Bf5 34.g4 Bd3 35.Ne5 Bxf1
36.Nxf1 Bg7 37.Kd2 Nxh3 38.f3 Ng5 39.Ke2 Nd6 40.Ne3 d4 41.f4 Ne6 42.Nd5 Nxf4+
43.Nxf4 Bxe5 44.Nd3 Bg7 45.Bb2 c4 46.bxc4 Nxc4 47.Bc1 Ne5 {#R} 0-1

[Event "15th Somov Memorial 2017"]
[Site "Kirishi RUS"]
[Date "2017.05.27"]
[Round "10.5"]
[White "Sargsyan,Shant"]
[Black "Shevchenko,Kirill"]
[Result "1-0"]
[WhiteElo "2409"]
[BlackElo "2491"]

1.d4 Nf6 2.c4 c5 3.d5 e6 4.Nc3 exd5 5.cxd5 d6 6.e4 g6 7.h3 a6 8.a4 Bg7 9.Bd3
O-O 10.Nf3 Re8 11.O-O Nbd7 12.Re1 Rb8 13.Bf4 Qc7 14.Bh2 c4 15.Bf1 Ne5 16.Bxe5
dxe5 17.a5 b5 18.axb6 Rxb6 19.Qc2 Bd7 20.Nd2 Bb5 21.Bxc4 Bxc4 22.Na4 Rb4 23.b3
Reb8 24.bxc4 Bh6 25.c5 Bxd2 26.Qxd2 Rxe4 27.Rxe4 Nxe4 28.Qe3 Rb4 29.f3 Nf6
30.d6 Qc6 31.Nb6 Nd5 32.Nxd5 Qxd5 33.Rc1 Rb8 34.Kh2 Rc8 35.Qe4 Qd2 36.Rc2 Qd1
37.Rc3 Qd4 38.Qxd4 exd4 39.d7 Ra8 40.c6 {#r} 1-0

[Event "Deltalift Open 2017"]
[Site "Tylosand SWE"]
[Date "2017.05.25"]
[Round "2.4"]
[White "Hillarp Persson,T"]
[Black "Petersson,K"]
[Result "1-0"]
[WhiteElo "2490"]
[BlackElo "2068"]

1.d4 f5 2.Bg5 c6 3.e3 Qb6 4.Nd2 d5 5.Rb1 e6 6.Bd3 Be7 7.Bxe7 Nxe7 8.Qh5+ Kf8
9.Ngf3 Ng8 10.Ne5 Nh6 11.Ndf3 Nd7 12.h3 Qb4+ 13.Ke2 Qe7 14.g4 Nf6 15.Qh4 Ne4
16.g5 Nf7 17.Nxf7 Qxf7 18.Ne5 Qe8 19.Bxe4 dxe4 20.c4 b6 21.Rhf1 Ba6 22.f3
exf3+ 23.Rxf3 Rd8 24.g6 h6 25.b3 Rb8 26.e4 Bc8 27.Rbf1 b5 28.c5 b4 29.Ke3 Ba6
30.R1f2 Kg8 31.exf5 exf5 32.Rxf5 Qe6 33.Qf4 Qe8 34.Rf7 h5 35.Qf5 Rh6 36.Rf8+
Qxf8 37.Qe6+ Kh8 38.Rxf8+ Rxf8 39.Nf7+ Rxf7 40.Qe8+ {#r} 1-0

[Event "26th Chicago Open 2017"]
[Site "Chicago USA"]
[Date "2017.05.25"]
[Round "1.25"]
[White "Whaley,D"]
[Black "Song,Michael"]
[Result "1-0"]
[WhiteElo "2185"]
[BlackElo "2423"]
[EventType "swiss"]

1.d4 f5 2.Bg5 g6 3.e3 Bg7 4.Bc4 Nf6 5.Nd2 Nc6 6.Nh3 e5 7.dxe5 Nxe5 8.Bb3 h6
9.Bxf6 Qxf6 10.Nf4 c6 11.Nf3 Nxf3+ 12.Qxf3 d5 13.c4 g5 14.Nh5 Qxb2 15.O-O Be5
16.Rab1 Qd2 17.h3 dxc4 18.Bxc4 Qd7 19.Rfd1 Qe7 20.Nf4 g4 21.hxg4 fxg4 22.Qe4
Qf6 23.Nh5 Qg5 24.Rb5 cxb5 25.Rd5 Rh7 26.Qxh7 Be6 27.Rxe5 {#r} 1-0

[Event "4th Gligoric Cup 2017"]
[Site "Novi Banovci SRB"]
[Date "2017.05.27"]
[Round "3.6"]
[White "Radic,Zvonimir"]
[Black "Cica,Dr"]
[Result "1-0"]
[WhiteElo "2159"]
[BlackElo "2116"]

1.d4 f5 2.Nc3 Nf6 3.Bf4 d6 4.e3 c6 5.Bd3 Qc7 6.h3 e5 7.dxe5 dxe5 8.Bh2 Qa5
9.Bc4 Bb4 10.Ne2 Ne4 11.O-O Nxc3 12.Nxc3 Nd7 13.Nb1 Nf6 14.c3 Be7 15.b4 Qc7
16.Qb3 a5 17.a3 b5 18.Bf7+ Kf8 19.Be6 a4 20.Qa2 Bd6 21.Rd1 Ke7 22.Bxc8 Raxc8
23.c4 Qb7 24.c5 Bb8 25.Nc3 Rhd8 26.Kf1 e4 27.Bxb8 Qxb8 28.g3 Qe5 29.Ne2 Nd5
30.Rd4 g5 31.Rad1 h5 32.Rxd5 Rxd5 33.Rxd5 Qxd5 34.Qxd5 cxd5 35.Nd4 f4 36.gxf4
gxf4 37.exf4 Rf8 38.f5 Kf6 39.Ke2 Ke5 40.Ke3 h4 41.Nxb5 Rxf5 42.Nd4 Rg5 43.f4+
{#r} 1-0

[Event "26th Chicago Open 2017"]
[Site "Chicago USA"]
[Date "2017.05.27"]
[Round "5.21"]
[White "Karagianis,P"]
[Black "Tarjan,J"]
[Result "0-1"]
[WhiteElo "2204"]
[BlackElo "2411"]
[EventType "swiss"]

1.d4 f5 2.g3 Nf6 3.Bg2 e6 4.Nf3 d5 5.c4 Bd6 6.O-O O-O 7.Qc2 c6 8.Nbd2 Nbd7
9.a3 a5 10.cxd5 cxd5 11.Ne1 Ra6 12.Nd3 Rc6 13.Qb3 b6 14.Nf3 Ba6 15.Nfe5 Bxe5
16.dxe5 Ne4 17.Be3 Ndc5 18.Qc2 Qc7 19.Rfc1 Bb5 20.Qd1 Ba4 21.Qe1 Nb3 22.Rxc6
Qxc6 23.Rb1 d4 24.Bf4 Rc8 25.Nc1 Qc2 26.Nxb3 Qxb3 27.Rc1 Rc2 28.Rxc2 Qxc2
29.Bxe4 fxe4 30.Qd2 Qc4 31.Bg5 d3 32.exd3 exd3 33.Qf4 Qc2 34.Qd2 Qb3 35.Qc1 h6
36.Be3 Qd5 37.f4 Bc6 38.Qd2 Qf3 39.b4 axb4 40.axb4 b5 41.g4 Qxg4+ 42.Kf1 Qf3+
43.Qf2 Qd1+ 44.Qe1 {#R} 0-1

[Event "10th KIIT Elite Open 2017"]
[Site "Bhubaneswar IND"]
[Date "2017.05.29"]
[Round "6.19"]
[White "Iniyan,P"]
[Black "Srijit,Paul"]
[Result "0-1"]
[WhiteElo "2392"]
[BlackElo "2248"]

1.d4 f5 2.c4 Nf6 3.Nf3 g6 4.Nc3 Bg7 5.e3 d6 6.Bd3 e5 7.Bc2 e4 8.Ng1 O-O 9.Nge2
Be6 10.Nf4 Bf7 11.h4 Nc6 12.Qe2 Bh6 13.d5 Nb4 14.a3 Nxc2+ 15.Qxc2 c6 16.dxc6
bxc6 17.Nce2 c5 18.Bd2 Ng4 19.Rd1 Qb6 20.b3 Rab8 21.Nc1 Bxf4 22.exf4 d5
23.cxd5 Bxd5 24.O-O Rfc8 25.Ba5 Bxb3 26.Qc3 Qe6 27.Rd2 Ba4 28.Re1 Nf6 29.Nd3
Rb3 30.Qc1 c4 31.Nb4 e3 32.fxe3 Rxe3 33.Rxe3 Qxe3+ 34.Kh1 Qc5 35.Rd8+ Rxd8
36.Bxd8 Ne4 37.Qa1 Nf2+ 38.Kh2 Ng4+ 39.Kh1 Qd6 40.Bg5 h6 41.Qc1 Bb3 {#R} 0-1

[Event "Bodensee Open 2017"]
[Site "Bregenz AUT"]
[Date "2017.05.24"]
[Round "5.16"]
[White "Mojzis,Jar"]
[Black "Osterwald,E"]
[Result "0-1"]
[WhiteElo "2090"]
[BlackElo "2184"]

1.d4 e6 2.c4 f5 3.Nf3 Nf6 4.g3 g6 5.Bg2 Bg7 6.Nc3 O-O 7.Bf4 d6 8.Qd2 Ne4
9.Nxe4 fxe4 10.Ng1 Qf6 11.O-O-O Nc6 12.Be3 d5 13.h4 b6 14.Nh3 Na5 15.b3 c5
16.cxd5 exd5 17.Nf4 Bb7 18.Kb1 Rad8 19.h5 Nc6 20.hxg6 hxg6 21.Qb2 Nxd4 22.Bxd4
cxd4 23.Rc1 Qf7 24.Qa3 a5 25.Qa4 Qf6 26.Bh3 Rfe8 27.Kc2 d3+ 28.exd3 exd3+
29.Kd1 Qb2 30.Bf1 {#R} 0-1

[Event "26th Chicago Open 2017"]
[Site "Chicago USA"]
[Date "2017.05.25"]
[Round "1.28"]
[White "Shmeliov,D"]
[Black "Arjun,V"]
[Result "1-0"]
[WhiteElo "2415"]
[BlackElo "2157"]
[EventType "swiss"]

1.d4 f5 2.c4 Nf6 3.Nc3 e6 4.Nf3 d5 5.g3 Bd6 6.c5 Be7 7.Bf4 c6 8.Bg2 O-O 9.O-O
Nbd7 10.b4 Ne4 11.Qc2 Bf6 12.Rad1 Qe7 13.Nxe4 fxe4 14.Bd6 exf3 15.Bxe7 fxg2
16.Bxf8 gxf1=Q+ 17.Kxf1 Nxf8 18.e4 dxe4 19.Qxe4 Bd7 20.Qf4 Re8 21.Qc7 Bc8
22.a4 a6 23.h4 Ng6 24.b5 axb5 25.axb5 Ne7 26.bxc6 Nxc6 27.Ra1 Bxd4 28.Ra8 Be5
29.Qb6 Ne7 30.f4 Bf6 31.Kg2 Bd7 32.Rxe8+ Bxe8 33.Qxe6+ Bf7 34.Qd6 h5 35.Kh3
Bd5 36.g4 hxg4+ 37.Kxg4 Kf7 38.h5 Be6+ 39.Kf3 Bd5+ 40.Ke2 {#r} 1-0

[Event "Bodensee Open 2017"]
[Site "Bregenz AUT"]
[Date "2017.05.28"]
[Round "9.10"]
[White "Mojzis,Jar"]
[Black "Johnsen,G"]
[Result "0-1"]
[WhiteElo "2090"]
[BlackElo "2203"]

1.d4 f5 2.Nf3 Nf6 3.g3 g6 4.Bg2 Bg7 5.c4 O-O 6.Nc3 c6 7.O-O d6 8.b3 Na6 9.Bb2
Qe8 10.d5 Bd7 11.Nd4 Rc8 12.Qd2 Nc5 13.Rad1 Qf7 14.e3 Nce4 15.Nxe4 Nxe4 16.Qe2
cxd5 17.cxd5 Qxd5 18.a4 Qf7 19.Rc1 a6 20.Rfd1 e5 21.Nf3 Qxb3 22.Rxc8 Bxc8
23.Ng5 d5 24.Rd3 Qxa4 25.Rxd5 Nxg5 {#R} 0-1

[Event "14th Orlova Open 2017"]
[Site "Orlova CZE"]
[Date "2017.05.28"]
[Round "9.5"]
[White "Besseling,M"]
[Black "Czerw,D"]
[Result "0-1"]
[WhiteElo "2201"]
[BlackElo "2176"]

1.d4 e6 2.c4 f5 3.g3 Nf6 4.Bg2 Be7 5.Nc3 O-O 6.b3 d6 7.Nf3 Ne4 8.Qc2 Nxc3
9.Qxc3 Nc6 10.Bb2 e5 11.O-O-O e4 12.Ng1 a5 13.a3 Bf6 14.e3 Bd7 15.Ne2 b5
16.cxb5 Na7 17.Qxa5 Nxb5 18.Qb4 d5 19.Qc5 c6 20.a4 Be7 21.Qc2 Na3 22.Bxa3
Bxa3+ 23.Kb1 Qb6 24.Nc3 Rfb8 25.Ka2 Bb4 26.Kb2 Bxc3+ 27.Qxc3 Rxa4 28.Ra1 Rc4
{#R} 0-1

[Event "Deltalift Open 2017"]
[Site "Tylosand SWE"]
[Date "2017.05.27"]
[Round "7.6"]
[White "Brynell,S"]
[Black "Ivarsson,T"]
[Result "1-0"]
[WhiteElo "2430"]
[BlackElo "2138"]

1.d4 e6 2.Nf3 f5 3.g3 Nf6 4.Bg2 Be7 5.O-O O-O 6.c4 d6 7.Nc3 Ne4 8.Qc2 Nxc3
9.bxc3 Nc6 10.d5 exd5 11.cxd5 Ne5 12.Nd4 Rb8 13.f4 Ng4 14.h3 Nh6 15.Be3 Qe8
16.Qd2 Kh8 17.Rab1 Bd7 18.Bf2 Ng8 19.Qd3 b6 20.Rbe1 Bf6 21.Kh2 Bxd4 22.Bxd4
Nf6 23.Bf3 Ne4 24.Rg1 Rf7 25.Bh5 Kg8 26.Bxf7+ Qxf7 27.c4 Re8 28.Ref1 h5 29.Rf3
Re7 30.Re3 Qg6 31.Rg2 Kf7 32.Qa3 a5 33.Qd3 Bc8 34.Rg1 Bd7 35.Rb1 Re8 36.Rf1
Re7 37.Qc2 Re8 38.Rg1 Re7 39.Qb2 Re8 40.Qb3 Re7 41.Rg2 Re8 42.Qd3 Re7 43.Kg1
Re8 44.Kf1 Re7 45.Ke1 Re8 46.Kd1 Re7 47.Kc1 Re8 48.Kb2 Re7 49.Rg1 Re8 50.Rf3
Kg8 51.Ka1 Re7 52.Rb1 Qe8 53.Re3 Kh8 54.a3 Kg8 55.Rh1 Qg6 56.Qb3 Qe8 57.Qb2
Qg6 58.Rd1 Qe8 59.Rdd3 Qf7 60.Qc1 Qe8 61.Qe1 Qf7 62.Bb2 Qg6 63.Qh1 Qe8 64.Qf3
Qf7 65.Rd4 Qe8 66.Qg2 Nc5 67.Rxe7 Qxe7 68.Qf3 Qe8 69.Rd1 Ba4 70.Rg1 Bd7 71.Bd4
Ne4 72.Qe3 Qg6 73.Kb2 Qe8 74.Rf1 Kf7 75.Kc1 Kg8 76.Bb2 Qe7 77.Rf3 Kf7 78.Qd4
Qf6 79.Qg1 Qg6 80.Bd4 Kg8 81.Qe1 Kh7 82.Re3 Kg8 83.Qh1 Nxg3 84.Qg2 h4 85.Re7
{#r} 1-0

[Event "Deltalift Open 2017"]
[Site "Tylosand SWE"]
[Date "2017.05.27"]
[Round "8.20"]
[White "Kucuksari,Kaan"]
[Black "Olsson,T"]
[Result "1-0"]
[WhiteElo "2310"]
[BlackElo "2020"]

1.d4 e6 2.Nf3 f5 3.c4 Nf6 4.g3 Be7 5.Bg2 O-O 6.O-O d6 7.b3 a5 8.Nc3 Ne4 9.Bb2
Bf6 10.Qc2 Nxc3 11.Bxc3 Qe7 12.Rfe1 Nc6 13.e4 fxe4 14.Rxe4 Qf7 15.Rae1 Bd7
16.Qd2 Qh5 17.g4 Qg6 18.h4 h6 19.g5 hxg5 20.hxg5 Bd8 21.d5 exd5 22.Qxd5+ Rf7
23.Nh4 Qxg5 24.Re8+ Bxe8 25.Rxe8+ Kh7 26.Qxf7 Qxh4 27.Qxg7# 1-0

[Event "ch-Flemish 2017"]
[Site "Ghent BEL"]
[Date "2017.05.26"]
[Round "4.3"]
[White "Roos,Ad"]
[Black "Beukema,Jasper"]
[Result "1-0"]
[WhiteElo "2249"]
[BlackElo "2233"]

1.d4 f5 2.g3 e6 3.Bg2 Nf6 4.Nf3 Be7 5.O-O d6 6.c4 O-O 7.Nc3 Ne4 8.Nxe4 fxe4
9.Nd2 d5 10.f3 Nc6 11.fxe4 Rxf1+ 12.Kxf1 dxc4 13.Nf3 b5 14.Be3 Bb7 15.Bh3 Bc8
16.b3 Na5 17.Qc2 Qd6 18.Rd1 Bb7 19.Bf4 Qb6 20.d5 Bc8 21.Nd4 exd5 22.Bxc8 Rxc8
23.exd5 Rf8 24.Kg2 Bd6 25.Ne6 Rf6 26.Ng5 g6 27.Qe4 Qb8 28.Bxd6 Rxd6 29.Qe7 Qf8
30.Qxh7# 1-0

[Event "Mateu Chalmeta Mem 2017"]
[Site "Sant Boi ESP"]
[Date "2017.05.26"]
[Round "6.3"]
[White "Lorenzo de la Riva,L"]
[Black "Gonzalez,RO"]
[Result "1-0"]
[WhiteElo "2379"]
[BlackElo "2205"]

1.Nf3 e6 2.g3 f5 3.Bg2 Nf6 4.O-O Be7 5.c4 O-O 6.d4 d6 7.Nc3 Qe8 8.Re1 Qg6 9.e4
fxe4 10.Nxe4 Nxe4 11.Rxe4 Nc6 12.Re2 e5 13.d5 Nb4 14.a3 Nd3 15.Ne1 Bf5 16.Nxd3
Bxd3 17.Re3 Bxc4 18.Rc3 Ba6 19.Rxc7 Bd8 20.Rc3 Bf6 21.Be3 e4 22.Rb3 b6 23.Rb4
Bd3 24.Qa4 Rfc8 25.Re1 Be5 26.Bh3 b5 27.Qa6 Rc2 28.Bf1 Bxb2 29.Rb1 Be5 30.Bxd3
exd3 31.Rxb5 h5 32.R5b3 Bc3 33.Qc6 Rf8 34.Rxc3 Rcxf2 35.Bxf2 Rxf2 36.Kxf2 {#r}
1-0